000 01032nam a2200253Ia 4500
003 GCL
008 140319s9999 xx 000 0 ara d
020 _a4640501977
040 _aGCL /
_cGCL
082 0 4 _aق
_b370.11562
_bس ت
100 1 _aسامى سليمان محمد السهم
245 1 0 _aالتعليم والتغيير الاجتماعى فى مصر فى القرن التاسع عشر /
_cسامى سليمان محمد السهم
260 _aالقاهرة :
_bالهيئة المصرية العامة للكتاب ،
_c2000
300 _a275 ص ؛
_c22 سم
490 _aتاريخ المصريين
_v165
650 0 4 _aالتخطيط التربوى
650 0 4 _aالتعليم والدولة
650 0 4 _aالتعليم - اقتصاديات
650 0 4 _aمصر - الاحوال الثقافية
650 0 4 _aالتعليم - اغراضه واهدافه - مصر
650 0 4 _aمصر - الاحوال السياسية
650 0 4 _aمصر - الاحوال الاقتصادية
942 _2ddc
_cBK
999 _c44649
_d44649